000
00341 a2200169 4500
001
192332
020
_a
978-85-250-5276-6
040
_c
Magnum
100
_a
Lobato, Monteiro
240
1
0
_a
O medo
_l
por
245
1
0
_a
O medo
300
_a
39
362
0
_a
2012
440
1
_a
Globo
697
_a
LITERATURA INFANTO-JUVENIL
942
_c
BK
999
_c
192332
_d
192332